000 00677nam a22002657a 4500
003 UA-OsUOA
001 27157
007 ta
008 20040617b un ||||| |||| 00| 0 ukr d
100 _aУэллс Уильям
090 _a659.1(075)
_bУ98
942 _cBK
040 _aUA-OsUOA
_brus
_cUA-OsUOA
_dUA-OsUOA
245 _aРеклама
_bПринципы и практика
300 _a736 с.
955 _a0
041 _arus
080 _a659.1(075)
020 _a5-8046-0153-9
260 _aСанкт-Петербург
_bПитер
_c1999
044 _aRU
250 _nПеревод с английского
650 7 _2UDC
999 _c313499
_d313499